Childhood and Growing Up/ (Record no. 186262)
[ view plain ]
| 000 -LEADER | |
|---|---|
| fixed length control field | 00633nam a22001937a 4500 |
| 005 - DATE AND TIME OF LATEST TRANSACTION | |
| control field | 20220221100411.0 |
| 010 ## - LCCN (DPL NO) | |
| LC control number | ENG-131693 |
| 020 ## - INTERNATIONAL STANDARD BOOK NUMBER | |
| International Standard Book Number | 9788195086016 |
| Terms of availability | 300.00 |
| 035 ## - SYSTEM CONTROL NUMBER | |
| System control number | EN-115225 |
| 037 ## - SOURCE OF ACQUISITION | |
| Source of stock number/acquisition | DBAD |
| 082 ## - DEWEY DECIMAL CLASSIFICATION NUMBER | |
| Classification number | 155.4182 |
| 100 ## - MAIN ENTRY--PERSONAL NAME | |
| Personal name | Ganesan, P. |
| 245 ## - TITLE STATEMENT | |
| Title | Childhood and Growing Up/ |
| Statement of responsibility, etc | P. Ganesan, S. Vinothkumar |
| 260 ## - PUBLICATION, DISTRIBUTION, ETC. (IMPRINT) | |
| Place of publication, distribution, etc | Viluppuram |
| Name of publisher, distributor, etc | Masivan Pathippagam |
| Date of publication, distribution, etc | 2021 |
| 270 ## - ADDRESS | |
| Address | 3/199, A. Gudalur (New Street), Ayadur Post, Kandachipuram (TK), |
| City | Viluppuram |
| Postal code | 605755 |
| Electronic mail address | editor@maisvanpathippagam.com |
| 300 ## - PHYSICAL DESCRIPTION | |
| Extent | 304p. |
| Dimensions | 24cm(pbk) |
| 700 ## - ADDED ENTRY--PERSONAL NAME | |
| Personal name | Vinothkumar, S. |
| 942 ## - ADDED ENTRY ELEMENTS (KOHA) | |
| Source of classification or shelving scheme | Dewey Decimal Classification |
| Item type | English Books |
| Classification part | 155.4182 |
| Call number suffix | GAN |
| Withdrawn status | Lost status | Not for loan | Collection code | Home library | Current library | Date acquired | Source of acquisition | Cost, normal purchase price | Full call number | Barcode | Copy number | Cost, replacement price | Koha item type |
|---|---|---|---|---|---|---|---|---|---|---|---|---|---|
| Non-fiction | Bawana | Bawana | 21/02/2022 | DBAD/PUB | 300.00 | 155.4182 GAN | EN-115225 | 1 | 300.00 | English Books |
